000 00492cam a22001932 4500
001 0000002677
005 20151217145730.0
008 070418s xx 000 0 eng d
020 _a9966460721 :
040 _aKABU
_cKABU
050 0 _aPL8704
_b.A76W46
100 1 _aArmah, Ayi Kwei.
_@0000152148
245 1 0 _aWema hawajazaliwa.
260 _aNairobi :
_bEAEP,
_c1976.
300 _a175 p.
908 _a070418
950 _@1
999 _c2027
_d2027